Romeo y Julieta / (Registro nro. 7795)

Detalles MARC
000 -LIDER
fixed length control field 00961cam a2200301 a 4500
001 - NÚMERO DE CONTROL
Identificador de número de control 000020113
003 - IDENTIFICACDOR DE NÚMERO DE CONTROL
control field DO-SdBNP
005 - DATE AND TIME OF LATEST TRANSACTION
control field 20230331103314.0
007 - CAMPOS FIJOS DE DESCRIPCIÓN FÍSICA
fixed length control field 000020113
008 - ELEMENTOS DE LONGITUD FIJA
fixed length control field 700702s2006 ck d spa d
020 ## - ISBN
International Standard Book Number 9583005002
040 ## - FUENTE DE CATALOGACIÓN
Agencia que crea de manera original el registro BPMSU
Idioma de catalogación spa
Agencia que realiza la transcripción BPMSU
082 #4 - NÚMERO DE CLASIFICACIÓN DECIMAL DE DEWEY
Classification number 822.33
Item number S527r 2006
Edition number 22
100 1# - ASIENTO PRINCIPAL -- NOMBRE PERSONAL
Nombre personal Shakespeare, William,
Fechas asociadas con el nombre 1564-1616
245 10 - MENCIÓN DE TITULO
Título Romeo y Julieta /
Mención de responsabilidad William Shakespeare ; traducción Marcelino Menéndez y Pelayo ; prólogo Jorge Plata S.
260 ## - PUBLICACIÓN, DISTRIBUCIÓN, ETC. (PIE DE IMPRENTA)
Lugar de publicación, distribución, etc Bogotá, Colombia :
Nombre del editor, distribuidor, etc. Editorial Panamericana
Fecha de publicación, distribución, etc 2006
300 ## - DESCRIPCIÓN FÍSICA
Extensión 126 p. ;
Dimensiones 21 cm.
490 0# - MENCIÓN DE SERIES
Mención de serie Joyas del milenio
Volume/sequential designation 4
534 ## - NOTA SOBRE LA VERSIÓN ORIGINAL
Asiento principal del original Título original:
Mención del título original Romeo and Juliet
590 ## - NOTA LOCAL
Enlace Inventariado, 2023/VM
650 #4 - ENCABEZAMIENTO DE MATERIA--TEMÁTICO
Término temático o nombre geográfico como elemento de entrada Teatro inglés
650 #4 - ENCABEZAMIENTO DE MATERIA--TEMÁTICO
Término temático o nombre geográfico como elemento de entrada Amor
Subdivisión de forma Teatro.
650 #4 - ENCABEZAMIENTO DE MATERIA--TEMÁTICO
Término temático o nombre geográfico como elemento de entrada Literatura inglesa
700 1# - ASIENTO SECUNDARIO -- NOMBRE PERSONAL
Nombre personal Menéndez y Pelayo, Marcelino
Mención de responsabilidad tr.
700 1# - ASIENTO SECUNDARIO -- NOMBRE PERSONAL
Nombre personal Plata S., Jorge
Mención de responsabilidad pról.
910 ## - VALIDACIÓN
Validación VMateo V./ Validado. Control de calidad MFF
942 ## - ADDED ENTRY ELEMENTS (KOHA)
Source of classification or shelving scheme Dewey Decimal Classification
Koha item type Libros
Existencias
Withdrawn status Lost status Source of classification or shelving scheme Damaged status Not for loan Collection code Home library Current library Date acquired Full call number Barcode Date last seen Price effective from Koha item type Source of acquisition Copy number Total Checkouts
    Dewey Decimal Classification     Colección Juvenil General Biblioteca Pública Metropolitana Salomé Ureña Biblioteca Pública Metropolitana Salomé Ureña 05/05/2015 BPMSU CG 822.33 S527r 2006 BPMSU15051558 05/05/2015 05/05/2015 Libros      
    Dewey Decimal Classification     Colección Juvenil General Biblioteca Pública Metropolitana Salomé Ureña Biblioteca Pública Metropolitana Salomé Ureña 07/12/2016 BPMSU CG 822.33 S527r 2006 BPMSU23030032 07/12/2016 07/12/2016 Libros Compra e.2  
    Dewey Decimal Classification     Colección Juvenil General Biblioteca Pública Metropolitana Salomé Ureña Biblioteca Pública Metropolitana Salomé Ureña 07/12/2016 BPMSU CG 822.33 S527r 2006 BPMSU23030033 03/31/2023 07/12/2016 Libros Compra e.3